Spatial marks shaping techniques in counting volume; KORUS 2003
| Parent link: | KORUS 2003.— 2003.— [P. 190-193] |
|---|---|
| Autor principal: | |
| Altres autors: | , |
| Sumari: | Title screen There have been developed and applied four methods of spatial marks shaping in counting volume of photoelectric aerosol particle counters. For example, in order to make measurements in optical dense aerosols we have developed the techniques to shape the counting volume of minimum possible dimensions by means of two counter-currentconvergent coherent laser beams. Focusing a fan of different wavelength divergent monochromatic beams in counting volume one can form a virtual ruler that will allow to directly define an aerosol particle size. Режим доступа: по договору с организацией-держателем ресурса |
| Idioma: | anglès |
| Publicat: |
2003
|
| Matèries: | |
| Accés en línia: | http://ieeexplore.ieee.org/document/1222862/ |
| Format: | MixedMaterials Electrònic Capítol de llibre |
| KOHA link: | https://koha.lib.tpu.ru/cgi-bin/koha/opac-detail.pl?biblionumber=636782 |
MARC
| LEADER | 00000naa0a2200000 4500 | ||
|---|---|---|---|
| 001 | 636782 | ||
| 005 | 20250920101416.0 | ||
| 035 | |a (RuTPU)RU\TPU\network\836 | ||
| 035 | |a RU\TPU\network\364 | ||
| 090 | |a 636782 | ||
| 100 | |a 20140322d2003 k||y0rusy50 ba | ||
| 101 | 0 | |a eng | |
| 102 | |a RU | ||
| 135 | |a drcn ---uucaa | ||
| 181 | 0 | |a i | |
| 182 | 0 | |a b | |
| 200 | 1 | |a Spatial marks shaping techniques in counting volume |f V. A. Vlasov, I. A. Tikhomirov, V. F. Myshkin | |
| 203 | |a Text |c electronic | ||
| 300 | |a Title screen | ||
| 320 | |a [References: p. 193 (4 tit.)] | ||
| 330 | |a There have been developed and applied four methods of spatial marks shaping in counting volume of photoelectric aerosol particle counters. For example, in order to make measurements in optical dense aerosols we have developed the techniques to shape the counting volume of minimum possible dimensions by means of two counter-currentconvergent coherent laser beams. Focusing a fan of different wavelength divergent monochromatic beams in counting volume one can form a virtual ruler that will allow to directly define an aerosol particle size. | ||
| 333 | |a Режим доступа: по договору с организацией-держателем ресурса | ||
| 337 | |a Adobe Reader | ||
| 463 | 1 | |t KORUS 2003 |o proceedings of the 7th Korea-Russia International Symposium on Science and Technology (June 28 - July 6, 2003 at the University of Ulsan, Republic of Korea) |h Vol. 3 |v [P. 190-193] |d 2003 | |
| 610 | 1 | |a электронный ресурс | |
| 610 | 1 | |a труды учёных ТПУ | |
| 610 | 1 | |a аэрозольные частицы | |
| 610 | 1 | |a aerosol particle | |
| 610 | 1 | |a лазерное излучение | |
| 610 | 1 | |a laser emission | |
| 700 | 1 | |a Vlasov |b V. A. |c Russian scientist, one of leading specialists in Russia in the physics, plasma chemistry and molecular physics fields |c Professor of TPU |f 1958- |g Viktor Alekseevich |3 (RuTPU)RU\TPU\pers\26492 |9 12194 | |
| 701 | 1 | |a Tikhomirov |b I. A. |c Russian Physicist |c Doctor of Physical and Mathematical Sciences (DSc), Professor of the Department of General Physics of Tomsk Polytechnic University (TPU) |f 1921-2010 |g Ivan Arsentyevich |3 (RuTPU)RU\TPU\pers\30485 | |
| 701 | 1 | |a Myshkin (Mishkin) |b V. F. |c Physicist |c Professor of Tomsk Polytechnic University, Doctor of physical and mathematical sciences |f 1962- |g Vyacheslav Fedorovich |3 (RuTPU)RU\TPU\pers\31492 |9 15653 | |
| 801 | 2 | |a RU |b 63413507 |c 20170405 |g RCR | |
| 856 | 4 | |u http://ieeexplore.ieee.org/document/1222862/ | |
| 942 | |c CF | ||